000 00537nam a2200193Ia 4500
003 GCL
008 140319s9999 xx 000 0 ara d
040 _aGCL /
_cGCL
082 0 4 _a247.7
_bز د
100 1 _aزينب محمود الخضيرى
245 1 0 _aدراسة فلسفية لبعض فرق الشيعة /
_cزينب محمود الخضيرى
300 _a135 ص
490 _a
650 0 4 _aالشيعة
650 0 4 _aالزيدية
650 0 4 _aالاثنا عشرية
650 0 4 _aالنصيرية
942 _2ddc
_cBK
999 _c41295
_d41295